El cardenismo : (Record no. 192314)

MARC details
000 -CABECERA
campo de control de longitud fija 00613nam a2200205 a 4500
005 - FECHA Y HORA DE LA ÚLTIMA TRANSACCIÓN
campo de control 20240911064824.0
008 - ELEMENTOS DE LONGITUD FIJA--INFORMACIÓN GENERAL
campo de control de longitud fija 170905s2013 mx r 000 0 spa d
020 ## - NÚMERO INTERNACIONAL NORMALIZADO PARA LIBROS
Número Internacional Estándar del Libro 9789684114593
035 ## - NÚMERO DE CONTROL DEL SISTEMA
Número de control de sistema UPN01000220215
049 ## - COLECCIÓN
Colección CG
050 #4 - SIGNATURA TOPOGRÁFICA DE LA BIBLIOTECA DEL CONGRESO
Número de clasificación F1234 C3.7
Número de documento/Ítem G5.3
100 1# - ASIENTO PRINCIPAL--NOMBRE PERSONAL
Nombre de persona Gilly, Adolfo,
Fechas asociadas al nombre 1928-
9 (RLIN) 30989
245 13 - MENCIÓN DE TÍTULO
Título El cardenismo :
Resto del título una utopía mexicana /
Mención de responsabilidad, etc. Adolfo Gilly.
260 ## - PUBLICACIÓN, DISTRIBUCIÓN, ETC.
Lugar de publicación, distribución, etc. México :
Nombre del editor, distribuidor, etc. Era,
Fecha de publicación, distribución, etc. 2013.
300 ## - DESCRIPCIÓN FÍSICA
Extensión 384 p.
440 #0 - MENCIÓN DE SERIE/ASIENTO SECUNDARIO--TÍTULO
Título Problemas de México
600 14 - ASIENTO SECUNDARIO DE MATERIA - NOMBRE PERSONAL
Nombre de persona Cárdenas, Lázaro,
Fechas asociadas al nombre 1895-1970
Subdivisión general Crítica e interpretación
9 (RLIN) 6662
650 #4 - ASIENTO SECUNDARIO DE MATERIA - TERMINO TEMATICO
Término de materia o nombre geográfico como elemento de entrada Socialismo
Subdivisión geográfica México
9 (RLIN) 15064
905 ## - TIPO DE MATERIAL
Tipo de material Libro
Holdings
Estado de retiro Estado de pérdida Fuente del sistema de clasificación o colocación Estado dañado No para préstamo Código de colección Localización permanente Ubicación/localización actual Ubicación en estantería Fecha de adquisición Total de préstamos Clasificación Código de barras Fecha visto por última vez Fecha del último préstamo Número de copia Tipo de ítem Koha
    Library of Congress Classification     Colección General Bib. Gregorio Torres Quintero Bib. Gregorio Torres Quintero Planta baja 31/03/2023 7 F1234 C3.7 G5.3 199378 24/03/2025 21/03/2025 1 Libro